CIM ve vztahu k organizaci a řízení výroby.

Nové spôsoby mobilizácie všetkých aktivít umožňujúcich zvyšovanie efektívnosti výrobného manažmentu. CIM - Computer integrated manufacturing a jeho základné komponenty. Zmeny v organizácii a riadení výroby vyplývajúce zo zavedenia CIM a ich dôsledky. Človek v systéme CIM.

Salvato in:
Dettagli Bibliografici
Autore principale: Švagr, Pavel
Natura: Capitolo di libro
Lingua:ceco
Soggetti:
Tags: Aggiungi Tag
Nessun Tag, puoi essere il primo ad aggiungerne!!

MARC

LEADER 00000naa a2200000 4500
001 r007362
005 20221125080814.2
041 0 |a cze 
044 |a [CS] 
245 1 0 |a CIM ve vztahu k organizaci a řízení výroby.  |c Pavel Švagr 
520 |a Nové spôsoby mobilizácie všetkých aktivít umožňujúcich zvyšovanie efektívnosti výrobného manažmentu. CIM - Computer integrated manufacturing a jeho základné komponenty. Zmeny v organizácii a riadení výroby vyplývajúce zo zavedenia CIM a ich dôsledky. Človek v systéme CIM. 
610 2 0 |a výroba automatizovaná 
610 2 0 |a riadenie výroby 
610 2 0 |a organizácia výroby 
610 2 0 |a efektívnosť výroby 
610 2 0 |a CIM 
610 2 0 |a CAD 
610 2 0 |a CAM 
100 1 |a Švagr, Pavel